| Registos Bibliográficos associados ao registo de autoridade |
|
Etiqueta de registo: 00254nam 2200025 450 001 2284341 003 http://id.bnportugal.gov.pt/bib/catbnp/2284341 100 ## $a20260414d2024 k y0pory01030103ba 101 0# $apor$deng 102 ## $aPT 105 ## $aa m 000yy 106 ## $ar 200 1# $aTradição e interculturalidade na sociedade contemporânea$e um estudo de caso sobre o papel da autoridade Ohamba na província da Huíla em Angola$fMaria Marcelina Gomes$gorient. Lúcio Manuel Gomes de Sousa 210 #9 $a[S.l.$cs.n.],$d2024 215 ## $aXVII, 245, [28] p.$cil.$d30 cm 328 #1 $aTese dout. Relações Interculturais, Universidade Aberta, 2024 700 #1 $aGomes,$bMaria Marcelina$31995648 702 #1 $aSousa,$bLúcio Manuel Gomes de$4727$31892945 801 #0 $aPT$bBN$gRPC 966 ## $lBN$mFGMON$x1 971 ## $cisantos$d20260414
|
|
|